在空白地图上画出新疆所有县级行政区Counties in Xinjiang with an empty map - Statistics

General Stats
  • This quiz has been taken 78 times
  • The average score is 72 of 110
Answers on the Map
Answers color-coded by a green-red scale on the quiz's map according to % correct below.
 
Answer Stats
地级 县级 % Correct
省直辖 石河子市
97%
阿克苏地区 阿克苏市
94%
喀什地区 喀什市
94%
和田地区 和田市
94%
和田地区 和田县
94%
伊犁哈萨克自治州 霍尔果斯市
94%
阿勒泰地区 阿勒泰市
94%
乌鲁木齐市 天山区
91%
克拉玛依市 克拉玛依区
91%
阿克苏地区 库车市
91%
伊犁哈萨克自治州 伊宁市
91%
伊犁哈萨克自治州 伊宁县
91%
塔城地区 塔城市
91%
博尔塔拉蒙古自治州 博乐市
89%
省直辖 阿拉尔市
89%
省直辖 五家渠市
89%
省直辖 铁门关市
89%
昌吉回族自治州 昌吉市
86%
巴音郭楞蒙古自治州 库尔勒市
86%
巴音郭楞蒙古自治州 若羌县
86%
乌鲁木齐市 乌鲁木齐县
83%
巴音郭楞蒙古自治州 且末县
83%
克孜勒苏柯尔克孜自治州 阿图什市
83%
喀什地区 莎车县
83%
省直辖 图木舒克市
83%
省直辖 可克达拉市
83%
省直辖 昆玉市
83%
省直辖 新星市
83%
省直辖 白杨市
83%
吐鲁番市 高昌区
80%
哈密市 伊州区
80%
博尔塔拉蒙古自治州 阿拉山口市
80%
喀什地区 塔什库尔干塔吉克自治县
80%
塔城地区 乌苏市
80%
省直辖 北屯市
80%
省直辖 胡杨河市
80%
吐鲁番市 鄯善县
77%
克孜勒苏柯尔克孜自治州 乌恰县
77%
伊犁哈萨克自治州 奎屯市
77%
伊犁哈萨克自治州 霍城县
77%
省直辖 双河市
77%
克拉玛依市 独山子区
74%
巴音郭楞蒙古自治州 轮台县
74%
喀什地区 疏勒县
74%
喀什地区 叶城县
74%
哈密市 伊吾县
71%
伊犁哈萨克自治州 特克斯县
71%
阿勒泰地区 布尔津县
71%
乌鲁木齐市 水磨沟区
69%
乌鲁木齐市 达坂城区
69%
克拉玛依市 白碱滩区
69%
克拉玛依市 乌尔禾区
69%
巴音郭楞蒙古自治州 博湖县
69%
克孜勒苏柯尔克孜自治州 阿克陶县
69%
喀什地区 英吉沙县
69%
伊犁哈萨克自治州 昭苏县
69%
阿勒泰地区 哈巴河县
69%
乌鲁木齐市 沙依巴克区
66%
巴音郭楞蒙古自治州 和静县
66%
和田地区 于田县
66%
和田地区 民丰县
66%
吐鲁番市 托克逊县
63%
哈密市 巴里坤哈萨克自治县
63%
克孜勒苏柯尔克孜自治州 阿合奇县
63%
喀什地区 疏附县
63%
阿勒泰地区 富蕴县
63%
喀什地区 巴楚县
60%
巴音郭楞蒙古自治州 焉耆回族自治县
57%
和田地区 墨玉县
57%
阿勒泰地区 福海县
57%
乌鲁木齐市 新市区
54%
乌鲁木齐市 米东区
54%
博尔塔拉蒙古自治州 精河县
54%
和田地区 皮山县
54%
伊犁哈萨克自治州 新源县
54%
昌吉回族自治州 木垒哈萨克自治县
51%
昌吉回族自治州 阜康市
49%
昌吉回族自治州 奇台县
49%
昌吉回族自治州 吉木萨尔县
49%
和田地区 和安县
49%
和田地区 和康县
49%
阿勒泰地区 吉木乃县
49%
乌鲁木齐市 头屯河区
46%
昌吉回族自治州 呼图壁县
46%
博尔塔拉蒙古自治州 温泉县
46%
巴音郭楞蒙古自治州 尉犁县
46%
阿克苏地区 温宿县
46%
阿克苏地区 乌什县
46%
喀什地区 泽普县
46%
喀什地区 伽师县
46%
伊犁哈萨克自治州 巩留县
46%
塔城地区 沙湾市
46%
阿勒泰地区 青河县
46%
巴音郭楞蒙古自治州 和硕县
43%
阿克苏地区 沙雅县
43%
喀什地区 麦盖提县
43%
喀什地区 岳普湖县
43%
和田地区 洛浦县
43%
伊犁哈萨克自治州 察布查尔锡伯自治县
43%
伊犁哈萨克自治州 尼勒克县
43%
塔城地区 和布克赛尔蒙古自治县
43%
昌吉回族自治州 玛纳斯县
40%
阿克苏地区 阿瓦提县
40%
和田地区 策勒县
40%
阿克苏地区 新和县
37%
阿克苏地区 拜城县
37%
塔城地区 额敏县
34%
塔城地区 托里县
34%
塔城地区 裕民县
34%
阿克苏地区 柯坪县
29%
No matching quizzes found
Score Distribution
Percent of People with Each Score
Percentile by Number Answered
Your Score History
You have not taken this quiz